Internal combustion engines (Record no. 24482)

000 -LEADER
fixed length control field 00576nam a22002051 4500
001 - CONTROL NUMBER
control field 24482
003 - CONTROL NUMBER IDENTIFIER
control field BD-DhUET
008 - FIXED-LENGTH DATA ELEMENTS--GENERAL INFORMATION
fixed length control field 681231s1968 paua b 001 0 eng
040 ## - CATALOGING SOURCE
Original cataloging agency DLC
Transcribing agency DLC
Modifying agency BD-DhUET
082 00 - DEWEY DECIMAL CLASSIFICATION NUMBER
Classification number 621.43
Item number OBE/1968
100 ## - MAIN ENTRY--PERSONAL NAME
Personal name Obert, Edward F.
245 10 - TITLE STATEMENT
Title Internal combustion engines
250 ## - EDITION STATEMENT
Edition statement 3rd ed.
260 ## - PUBLICATION, DISTRIBUTION, ETC. (IMPRINT)
Place of publication, distribution, etc. Scranton
Name of publisher, distributor, etc. International Textbook
Date of publication, distribution, etc. 1968
300 ## - PHYSICAL DESCRIPTION
Extent xiii, 736p.
Other physical details illus
490 0# - SERIES STATEMENT
Series statement International textbooks in mechanical engineering
504 ## - BIBLIOGRAPHY, ETC. NOTE
Bibliography, etc Includes bibliographies
650 #0 - SUBJECT ADDED ENTRY--TOPICAL TERM
Topical term or geographic name as entry element Internal combustion engines
942 ## - ADDED ENTRY ELEMENTS (KOHA)
Koha item type General Book
Holdings
Lost status Not for loan Piece designation (barcode) Koha full call number Shelving location Price effective from Date acquired Koha issues (times borrowed) Sublocation or collection (holding branch) Withdrawn status Koha date last seen Koha normalized classification for sorting Koha date last borrowed Source of classification or shelving scheme Copy number Location (home branch) Damaged status Koha item type
  19063621.43/OBE/1968Circulation section2015-05-092015-05-092Central Library, BUET 2019-11-18621_430000000000000_OBE_19682019-09-28 1Central Library, BUET General Book
  32007621.43/OBE/1968Reading section2015-06-162015-06-16 Central Library, BUET 2015-06-16621_430000000000000_OBE_1968  2Central Library, BUET General Book
  40437621.43/OBE/1968Reading section2015-06-162015-06-16 Central Library, BUET 2015-06-16621_430000000000000_OBE_1968  3Central Library, BUET Reading Item
  19060621.43/OBE/1968Reading section2015-06-232015-06-23 Central Library, BUET 2015-06-23621_430000000000000_OBE_1968  4Central Library, BUET Reading Item
  32117621.43/OBE/1968Reading section2015-07-032015-07-03 Central Library, BUET 2015-07-03621_430000000000000_OBE_1968  5Central Library, BUET Reading Item